[Event "CFriend AP-2004-Q-00022 email"]
[Site "Chessfriend.com"]
[Date "2004.12.22"]
[Round "1"]
[White "Irkhin, Uladzimir"]
[Black "Lorenz, Siegfried"]
[Result "1-0"]
[WhiteElo "1850"]
[BlackElo "1980"]
[PlyCount "71"]
[EventDate "2004.??.??"]
[EventType "tourn (corr)"]
[EventRounds "12"]
[SourceTitle "Corr 2024"]
[Source "ChessBase"]
[SourceDate "2023.10.19"]
[SourceVersion "1"]
[SourceVersionDate "2023.10.19"]
[SourceQuality "1"]

1. e4 c5 2. Nf3 e6 3. d4 cxd4 4. Nxd4 Nf6 5. Nc3 d6 6. g4 Be7 7. Bg2 0-0 8. g5 Nfd7 9. h4 Nc6 10. Be3 Nde5 11. Qe2 Na5 12. b3 Bd7 13. f4 Nec6 14. Nxc6 Nxc6 15. Qd2 Qa5 16. Ne2 Qxd2+ 17. Bxd2 a5 18. a3 b5 19. h5 Rac8 20. Rh3 f6 21. g6 h6 22. Rd3 Rc7 23. Bh3 Ra8 24. f5 exf5 25. Bxf5 Ne5 26. Rc3 Rb7 27. Nf4 Bd8 28. Nd5 a4 29. b4 Nc4 30. 0-0-0 Kf8 31. Ne3 Ne5 32. Bxd7 Rxd7 33. Nf5 Nc4 34. Bf4 Be7 35. Bxh6 gxh6 36. g7+ 1-0

[Event "CFriend AP-2004-Q-00022 email"]
[Site "Chessfriend.com"]
[Date "2004.12.22"]
[Round "1"]
[White "Minchev, Valentin"]
[Black "Lorenz, Siegfried"]
[Result "1-0"]
[WhiteElo "2418"]
[BlackElo "1980"]
[PlyCount "73"]
[EventDate "2004.??.??"]
[EventType "tourn (corr)"]
[EventRounds "12"]
[SourceTitle "Corr 2024"]
[Source "ChessBase"]
[SourceDate "2023.10.19"]
[SourceVersion "1"]
[SourceVersionDate "2023.10.19"]
[SourceQuality "1"]

1. e4 c5 2. Nf3 e6 3. d4 cxd4 4. Nxd4 Nf6 5. Nc3 d6 6. g4 Be7 7. Bg2 Nc6 8. h3 0-0 9. Be3 Bd7 10. Qe2 Nxd4 11. Bxd4 Qa5 12. Rd1 Bc6 13. 0-0 e5 14. Be3 Qb4 15. a3 Qa5 16. g5 Nd7 17. h4 Nb6 18. Qd3 Na4 19. Nd5 Bxd5 20. Qxd5 Qxd5 21. Rxd5 b6 22. b3 Nc3 23. Rd3 Rac8 24. Re1 Rc7 25. f4 f6 26. a4 Na2 27. c4 Nb4 28. Rd2 Na6 29. f5 Nc5 30. Rb1 Kf7 31. gxf6 gxf6 32. Bf3 Rg8+ 33. Kf1 Ke8 34. b4 Nb7 35. Kf2 Bf8 36. Rc1 Rcg7 37. a5 1-0

[Event "CFriend AP-2004-Q-00022 email"]
[Site "Chessfriend.com"]
[Date "2004.12.22"]
[Round "1"]
[White "Paulis, Ryan"]
[Black "Lorenz, Siegfried"]
[Result "0-1"]
[WhiteElo "1717"]
[BlackElo "1980"]
[PlyCount "40"]
[EventDate "2004.??.??"]
[EventType "tourn (corr)"]
[EventRounds "12"]
[SourceTitle "Corr 2024"]
[Source "ChessBase"]
[SourceDate "2023.10.19"]
[SourceVersion "1"]
[SourceVersionDate "2023.10.19"]
[SourceQuality "1"]

1. e4 c5 2. Nf3 e6 3. d4 cxd4 4. Nxd4 Nf6 5. Bd3 Nc6 6. Be3 Bb4+ 7. Nd2 0-0 8. 0-0 e5 9. Nxc6 dxc6 10. f3 Nh5 11. Nc4 Qe7 12. Nxe5 Qxe5 13. f4 Qa5 14. e5 g6 15. f5 Qxe5 16. Bg5 Bc5+ 17. Kh1 Bd6 18. g3 Nxg3+ 19. hxg3 Qxg3 20. Qd2 Qh3+ 0-1

[Event "Aeskulap op 14th"]
[Site "Goerlitz"]
[Date "1997.03.27"]
[Round "2"]
[White "Lorenz, Siegfried"]
[Black "Herzger, Manfred"]
[Result "0-1"]
[WhiteElo "1551"]
[BlackElo "1822"]
[PlyCount "78"]
[EventDate "1997.03.26"]
[EventType "swiss"]
[EventRounds "7"]
[EventCountry "GER"]
[SourceTitle "EXT 2009"]
[Source "ChessBase"]
[SourceDate "2008.11.26"]
[SourceVersion "1"]
[SourceVersionDate "2008.11.26"]
[SourceQuality "1"]

1. e4 e6 2. d4 d5 3. Nd2 Nf6 4. e5 Nfd7 5. Bd3 c5 6. c3 Nc6 7. Ne2 cxd4 8. cxd4 Bb4 9. 0-0 0-0 10. f4 f5 11. Nf3 Be7 12. a3 a5 13. Bb5 Na7 14. Bd3 Nc6 15. Bc2 b5 16. Ng5 Bxg5 17. fxg5 Qb6 18. Kh1 g6 19. Bf4 Ba6 20. Re1 b4 21. Ba4 Bb5 22. Bxb5 Qxb5 23. a4 Qb6 24. Qd3 Rfc8 25. Be3 Ra7 26. Rac1 Rac7 27. Nf4 Ne7 28. Rxc7 Rxc7 29. h4 Kf7 30. Kh2 Rc6 31. Kh3 Qc7 32. Re2 Rc4 33. h5 Qb6 34. Rf2 b3 35. hxg6+ hxg6 36. Ne2 Rxa4 37. g4 Kg7 38. Nc1 fxg4+ 39. Kxg4 Nxe5+ 0-1